Bướm trắng

Gardado en:
Detalles Bibliográficos
Autor Principal: Mosley, Walter
Formato: Libro
Idioma:Undetermined
Publicado: Hà Nội Văn Học 2004
Những chủ đề:
Các nhãn: Engadir etiqueta
Sen Etiquetas, Sexa o primeiro en etiquetar este rexistro!
Thư viện lưu trữ: Trung tâm Học liệu Trường Đại học Cần Thơ
LEADER 00544nam a2200193Ia 4500
001 CTU_73967
008 210402s9999 xx 000 0 und d
020 |b 33000 
082 |a 823.9 
082 |b M912 
100 |a Mosley, Walter 
245 0 |a Bướm trắng 
245 0 |c Walter Mosley ; Đào Đăng Trạch Thiên (dịch) 
260 |a Hà Nội 
260 |b Văn Học 
260 |c 2004 
650 |a English fiction,20th century 
904 |i Mai Loan, Qhieu 
980 |a Trung tâm Học liệu Trường Đại học Cần Thơ